000 00422nam a2200181Ia 4500
001 3553
005 20260306145652.0
008 260306t2015||||xx |||||||||||||| ||spa||
041 _aESP
082 _a289
_bR27
100 _aRatzinger, Joseph
_eAUT
245 0 _aLa fraternidad de los cristianos
260 _c2015
300 _a126 páginas :
_c19 cm.
650 _aGEN
654 _aCHU
942 _cLIB
_dJUS
_fJUS
_2ddc
_n
999 _c3553
_d3553